| 000 | 00835nam a22002297a 4500 | ||
|---|---|---|---|
| 003 | LK-CoDNM | ||
| 005 | 20241011101642.0 | ||
| 008 | 241011b |||||||| |||| 00| 0 eng d | ||
| 040 |
_aLK-CoDNM _dLK-CoDNM _eLK-CoDNM |
||
| 041 | _asin | ||
| 080 |
_aප්ර.අ _b16.1 |
||
| 100 | _aවලානේ ශ්රි සුමන උදයරත්න සෝමතිලක | ||
| 245 |
_aඅමෘත රසය _bකලාප 6-9 |
||
| 260 |
_aපානදුර _bසිටි යන්ත්රාලය _c1966 |
||
| 300 | _b88p. ; 24 cm | ||
| 650 | _aප්ර.අ 16.1 | ||
| 650 | _aඅමෘත රසය | ||
| 650 | _aකලාප 6-9 | ||
| 650 | _aවලානේ ශ්රි සුමන උදයරත්න සෝමතිලක | ||
| 650 | _aසිටි යන්ත්රාලය | ||
| 942 | _cBK | ||
| 999 |
_c218977 _d218977 |
||